{"text_format":"3","workbook":"xlsx","n_sheets":3,"sheets":["Sheet1","Sheet2","Sheet3"],"read":"whole","date_system":"1900"}

{"sheet":"Sheet1","index":0,"n_rows":13,"n_cols":7,"rows_kept":13,"merged":[[0,0,0,6],[1,0,1,6]]}
["控制价清单表"]
["隆昌市城市污水处理设施能力提升项目设计施工总承包 二 标段-机械租赁采购"]
["序号","项目名称","计量单位","工程量\n（暂估）","含税控制单价（3%）","含税控制合价（3%）","备注"]
[1,"蛙式夯实机 2.8kw","台时",{"v":5000,"d":"5000.00"},15.45,{"$f":"D4*E4","v":{"v":77250,"d":"77250.00"}}]
[{"$f":"A4+1","v":2},"机械自身质量光轮压路机（2Y-8/10）","台班",{"v":400,"d":"400.00"},{"v":1606.8,"d":"1606.80"},{"v":642720,"d":"642720.00"}]
[3,"装载质量20t以内自卸汽车（BJ374）","台班",{"v":700,"d":"700.00"},{"v":1236,"d":"1236.00"},{"v":865200,"d":"865200.00"}]
[4,"提升质量16t以内汽车式起重机（QY16）","台班",{"v":420,"d":"420.00"},{"v":1854,"d":"1854.00"},{"v":778680,"d":"778680.00"}]
[5,"斗容量0.6m3履带式单斗挖掘机（WY80液压）","台班",{"v":990,"d":"990.00"},{"v":1236,"d":"1236.00"},{"v":1223640,"d":"1223640.00"}]
[6,"斗容量0.8m3履带式单斗挖掘机（WY150液压）","台班",{"v":750,"d":"750.00"},{"v":1648,"d":"1648.00"},{"v":1236000,"d":"1236000.00"}]
[7,"斗容量1.0m3履带式单斗挖掘机（WY220液压）","台班",{"v":260,"d":"260.00"},{"v":2389.6,"d":"2389.60"},{"v":621296,"d":"621296.00"}]
[8,"旋挖钻机","台班",{"v":70,"d":"70.00"},{"v":5356,"d":"5356.00"},{"v":374920,"d":"374920.00"}]
[9,"其它机械设备","项",{"v":1,"d":"1.00"},39419.73,39419.73]
[null,"合计",{"$nulls":3},{"$f":"SUM(F4:F12)","v":5859125.73}]

{"sheet":"Sheet2","index":1,"n_rows":0,"n_cols":0,"rows_kept":0}

{"sheet":"Sheet3","index":2,"n_rows":0,"n_cols":0,"rows_kept":0}